000 01251nam a2200253 a 4500
003 AM-YEHGA
001 1694864
005 20250617164818.0
008 200219s1962 ru a||||r|||||001|0|rus||
040 _aAM-YeHGA
041 0 _arus
100 1 _aАкимов, Андрей Васильевич
245 1 0 _aПрогрессивные конструкции резцов /
_cА.В. Акимов ; Гос. ком. Совета Министров СССР по автоматизации и машиностроению ; Всесоюз. науч.-исслед. инструм. ин-т (ВНИИ).
260 _aМосква :
_bМашгиз,
_c1962.
300 _a80 с. :
_bил. ;
_c22 см.
504 _aБиблиогр.: с. 79
650 1 4 _aТехника. Технические науки
650 1 4 _aОбработка резанием
653 0 _aРезцы - Конструкции
710 2 _aГосударственный комитет Совета Министров СССР по автоматизации и машиностроению
710 2 _aВсесоюзный научно-исследовательский инструментальный институт
942 _2udc
_cBK
090 _c568418
999 _c529931
_d529931